| 000 | 00459nam a2200157Ia 4500 | ||
|---|---|---|---|
| 008 | 190228s9999 xx 000 0 und d | ||
| 020 | _a9781259255007 | ||
| 100 | _aZimmerman, Jerold L. | ||
| 245 |
_cJerold L. Zimmerman.-- _aAccounting for decision making and control / |
||
| 250 | _a9th ed | ||
| 260 |
_aUSA : _bMcGraw-Hill _c2017 |
||
| 300 | _axiv, 686 pages. | ||
| 500 | _aIncludes indexes. | ||
| 650 | _aAccounting. | ||
| 650 | _aManagerial accounting. | ||
| 999 |
_c361290 _d361290 |
||